| 000 | 00652cam a2200205 a 4500 | ||
|---|---|---|---|
| 020 | _a0521304555 | ||
| 040 | _cDLC | ||
| 082 | 0 | 0 | _a339 CAM 1986 A076 Or. |
| 245 | 0 | 0 | _aEquilibrium analysis / |
| 260 |
_aCambridge [Cambridgeshire] ; _aNew York : _bCambridge University Press, _c1986. |
||
| 300 |
_axx, 318 p. : _bill. ; _c24 cm. |
||
| 650 | 0 | _aEquilibrium (Economics) | |
| 700 | 1 | _aHeller, Walter P. | |
| 700 | 1 | _aStarr, Ross M. | |
| 700 | 1 | _aStarrett, David A. | |
| 700 | 1 | _aArrow, Kenneth J. | |
| 856 | 4 | 2 | _uhttp://www.loc.gov/catdir/description/cam023/86011693.html |
| 856 | 4 | 1 | _uhttp://www.loc.gov/catdir/toc/cam029/86011693.html |
| 942 | _cEK | ||
| 999 |
_c15269 _d15269 |
||